[Event "Seville op 24th"]
[Site "Seville"]
[Date "1999.??.??"]
[Round "4"]
[White "Gil Gonzalez, Jose Manuel"]
[Black "Navarro Alonso, Jorge Luis"]
[Result "1-0"]
[WhiteElo "2385"]
[BlackElo "1985"]
[PlyCount "81"]
[EventDate "1999.01.??"]
[EventType "swiss"]
[EventRounds "9"]
[EventCountry "ESP"]
[SourceTitle "EXT 2000"]
[Source "ChessBase"]
[SourceDate "1999.11.16"]
[SourceVersion "1"]
[SourceVersionDate "1999.11.16"]
[SourceQuality "1"]

1. c4 e6 2. b3 d5 3. e3 Nf6 4. Nf3 Nbd7 5. Bb2 b6 6. cxd5 exd5 7. Bb5 Bb7 8. Ne5 Bd6 9. Nc6 Bxc6 10. Bxc6 Rb8 11. Nc3 0-0 12. Nxd5 Ne5 13. Qc2 Nxd5 14. Bxd5 Qe7 15. f4 Ng4 16. 0-0-0 Ba3 17. Rhf1 Nf6 18. Bc6 Rfd8 19. Bxa3 Qxa3+ 20. Kb1 Qd6 21. h3 Qd3 22. g4 Qxc2+ 23. Kxc2 Rd6 24. Bf3 Re8 25. Rfe1 c5 26. g5 Ne4 27. Bxe4 Rxe4 28. d3 Re8 29. Kc3 g6 30. d4 cxd4+ 31. Rxd4 Rc6+ 32. Rc4 Rce6 33. e4 b5 34. Rd4 Rc6+ 35. Kb4 Rc2 36. a3 Ra2 37. Red1 a5+ 38. Kxa5 Rxa3+ 39. Kxb5 Rea8 40. e5 Kg7 41. Rd7 1-0

[Event "Seville op 24th"]
[Site "Seville"]
[Date "1999.??.??"]
[Round "3"]
[White "Gil Gonzalez, Jose Manuel"]
[Black "Perez, R."]
[Result "1-0"]
[WhiteElo "2385"]
[BlackElo "2065"]
[PlyCount "65"]
[EventDate "1999.01.??"]
[EventType "swiss"]
[EventRounds "9"]
[EventCountry "ESP"]
[SourceTitle "EXT 2000"]
[Source "ChessBase"]
[SourceDate "1999.11.16"]
[SourceVersion "1"]
[SourceVersionDate "1999.11.16"]
[SourceQuality "1"]

1. Nf3 d5 2. d3 c6 3. Nbd2 Bg4 4. e4 e6 5. g3 Bd6 6. Bg2 Ne7 7. 0-0 Nd7 8. d4 dxe4 9. Nxe4 Bc7 10. Re1 0-0 11. c4 Nb6 12. b3 a5 13. Bb2 a4 14. Qc2 a3 15. Bc3 Bf5 16. Nh4 Bg6 17. Nxg6 hxg6 18. Rad1 Qb8 19. h4 Nf5 20. Qe2 Rd8 21. h5 gxh5 22. Qxh5 Nd7 23. Ng5 Nh6 24. d5 cxd5 25. cxd5 e5 26. d6 Bxd6 27. Bd5 Rf8 28. Qg6 Nf6 29. Rd3 Kh8 30. Nxf7+ Nxf7 31. Bxf7 Qc7 32. Bc4 Qc6 33. g4 1-0

[Event "Catalunya-chT"]
[Site "Spain"]
[Date "1997.??.??"]
[Round "3"]
[White "Gil Gonzalez, Jose Manuel"]
[Black "Gonzalez Velez, Fermin"]
[Result "1/2-1/2"]
[WhiteElo "2405"]
[BlackElo "2400"]
[PlyCount "122"]
[EventDate "1997.??.??"]
[EventType "team"]
[EventRounds "9"]
[EventCountry "ESP"]
[SourceTitle "EXT 2002"]
[Source "ChessBase"]
[SourceDate "2001.11.25"]
[SourceVersion "1"]
[SourceVersionDate "2001.11.25"]
[SourceQuality "1"]

1. d4 Nf6 2. Bg5 e6 3. e4 d6 4. Nc3 h6 5. Be3 Nbd7 6. h3 a6 7. a4 c5 8. d5 exd5 9. exd5 g6 10. Nf3 Bg7 11. Qd2 h5 12. Be2 0-0 13. 0-0 b6 14. Bh6 Ne5 15. Nxe5 dxe5 16. Bxg7 Kxg7 17. f4 e4 18. f5 Qd6 19. fxg6 fxg6 20. Qg5 Re8 21. Rad1 Bb7 22. Rf5 Nh7 23. Qf4 Qxf4 24. Rxf4 e3 25. Rdf1 Re7 26. Bf3 g5 27. Rf5 Kg6 28. g4 hxg4 29. hxg4 Rd8 30. Be4 Kg7 31. Re1 Bc8 32. Rf3 Bxg4 33. Rfxe3 Nf6 34. Bg2 Rxe3 35. Rxe3 Rd7 36. Re5 Kg6 37. Bf1 Bf5 38. Bxa6 Bxc2 39. Bb5 Rd8 40. Re6 Kf5 41. Bc4 Ne4 42. Rxb6 Nxc3 43. bxc3 Be4 44. Rb5 g4 45. Bf1 Rxd5 46. c4 Re5 47. Rb8 Kf4 48. a5 Kg3 49. a6 Rh5 50. Rb3+ Bf3 51. Bg2 Rh6 52. Ra3 Rd6 53. a7 Rd1+ 54. Bf1 Rd8 55. Bg2 Ra8 56. Bxf3 gxf3 57. Kf1 Rd8 58. Re3 Rf8 59. Re7 Rd8 60. Rg7+ Kf4 61. Rd7 Ra8 1/2-1/2

[Event "Catalunya-chT"]
[Site "Spain"]
[Date "1997.??.??"]
[Round "2"]
[White "Gil Gonzalez, Jose Manuel"]
[Black "Mellado Trivino, Juan"]
[Result "0-1"]
[WhiteElo "2405"]
[BlackElo "2430"]
[PlyCount "68"]
[EventDate "1997.??.??"]
[EventType "team"]
[EventRounds "9"]
[EventCountry "ESP"]
[SourceTitle "EXT 2002"]
[Source "ChessBase"]
[SourceDate "2001.11.25"]
[SourceVersion "1"]
[SourceVersionDate "2001.11.25"]
[SourceQuality "1"]

1. d4 Nf6 2. c4 c5 3. d5 b5 4. cxb5 a6 5. Nc3 axb5 6. Nxb5 Ba6 7. Nc3 g6 8. e4 Bxf1 9. Kxf1 d6 10. g3 Bg7 11. Kg2 Nbd7 12. f4 0-0 13. Nf3 Nb6 14. Qe2 Na4 15. Nd1 Ra7 16. b3 Nxd5 17. exd5 Bxa1 18. bxa4 Rxa4 19. a3 Qa8 20. Ne3 Rb8 21. Rd1 Bd4 22. Rd3 Qa6 23. Nxd4 cxd4 24. Nd1 Qc4 25. Bb2 Rb3 26. Nf2 Qxd5+ 27. Kh3 Rb7 28. Rd2 e5 29. fxe5 Re7 30. Qd1 Rxe5 31. g4 Re3+ 32. Kh4 Qe5 33. Qxa4 Qxh2+ 34. Kg5 Re5+ 0-1

[Event "Catalunya-chT"]
[Site "Spain"]
[Date "1997.??.??"]
[Round "9"]
[White "Martin Gonzalez, Angel"]
[Black "Gil Gonzalez, Jose Manuel"]
[Result "0-1"]
[WhiteElo "2420"]
[BlackElo "2405"]
[PlyCount "73"]
[EventDate "1997.??.??"]
[EventType "team"]
[EventRounds "9"]
[EventCountry "ESP"]
[SourceTitle "EXT 2002"]
[Source "ChessBase"]
[SourceDate "2001.11.25"]
[SourceVersion "1"]
[SourceVersionDate "2001.11.25"]
[SourceQuality "1"]

1. e4 Nf6 2. e5 Nd5 3. d4 d6 4. Nf3 Nc6 5. Bc4 Nb6 6. Bd3 dxe5 7. dxe5 Nb4 8. Be4 Qxd1+ 9. Kxd1 c6 10. Bd2 N4d5 11. b3 g6 12. c4 Nc7 13. Bc3 Bg7 14. Nbd2 Bg4 15. h3 Bxf3+ 16. Bxf3 Ne6 17. Kc2 Rd8 18. Ne4 0-0 19. Rad1 Nd7 20. Bg4 Ndc5 21. Nxc5 Nxc5 22. f4 Ne4 23. Bd4 c5 24. Be3 b6 25. Rd7 Rxd7 26. Bxd7 Rd8 27. Rd1 g5 28. Bg4 Rxd1 29. Bxd1 Ng3 30. Kd3 Nf5 31. Bd2 gxf4 32. Bxf4 Nh4 33. Bg3 Nf5 34. Bf4 Nh4 35. Bg3 Nf5 36. Bf4 Nh4 37. Bf3 0-1

[Event "Catalunya-chT"]
[Site "Spain"]
[Date "1997.??.??"]
[Round "1"]
[White "Monclus Domingo, Angel"]
[Black "Gil Gonzalez, Jose Manuel"]
[Result "0-1"]
[WhiteElo "2210"]
[BlackElo "2405"]
[PlyCount "72"]
[EventDate "1997.??.??"]
[EventType "team"]
[EventRounds "9"]
[EventCountry "ESP"]
[SourceTitle "EXT 2002"]
[Source "ChessBase"]
[SourceDate "2001.11.25"]
[SourceVersion "1"]
[SourceVersionDate "2001.11.25"]
[SourceQuality "1"]

1. e4 Nf6 2. d3 d5 3. Nd2 c5 4. Ngf3 e6 5. g3 Nc6 6. Bg2 Be7 7. 0-0 b6 8. e5 Nd7 9. Re1 Qc7 10. Qe2 Bb7 11. c3 g5 12. h3 h5 13. g4 hxg4 14. hxg4 0-0-0 15. Nf1 Rdg8 16. Ng3 Nf8 17. Nh5 Ng6 18. d4 Nf4 19. Nxf4 gxf4 20. Bxf4 Rxg4 21. Bg3 Rhg8 22. Rec1 Kb8 23. Qd2 Qd7 24. Rab1 cxd4 25. cxd4 Ba6 26. b4 Bc4 27. b5 Na5 28. Rc3 Bxb5 29. Qb2 Ba6 30. Nd2 Rxd4 31. Rf3 Bc5 32. Qc3 Ka8 33. Nb3 Nxb3 34. axb3 Rdg4 35. b4 Bd4 36. Qa3 Be2 0-1

[Event "Barcelona op rap"]
[Site "Barcelona"]
[Date "1996.12.14"]
[Round "1"]
[White "Turon Gimeno, Juan"]
[Black "Gil Gonzalez, Jose Manuel"]
[Result "0-1"]
[WhiteElo "1970"]
[BlackElo "2410"]
[PlyCount "68"]
[EventDate "1996.12.??"]
[EventType "swiss (rapid)"]
[EventRounds "8"]
[EventCountry "ESP"]
[SourceTitle "EXT 2001"]
[Source "ChessBase"]
[SourceDate "2000.11.22"]
[SourceVersion "1"]
[SourceVersionDate "2000.11.22"]
[SourceQuality "1"]

1. d4 g6 2. c4 Bg7 3. Nc3 c5 4. e3 Nf6 5. Nf3 0-0 6. Be2 cxd4 7. exd4 d5 8. 0-0 Nc6 9. Be3 dxc4 10. Bxc4 Bg4 11. Be2 Nd5 12. h3 Nxe3 13. fxe3 Bxf3 14. Bxf3 e5 15. Bxc6 bxc6 16. dxe5 Qb6 17. Qe2 Rab8 18. Ne4 Qxb2 19. Qxb2 Rxb2 20. Nf6+ Kh8 21. Rf2 Rb5 22. Nd7 Rd8 23. Rxf7 Rb7 24. Rd1 Bxe5 25. Re7 Bg7 26. Kf2 Rb2+ 27. Kf3 Rxa2 28. Rd3 a5 29. Nc5 Rxd3 30. Re8+ Bf8 31. Nxd3 Kg7 32. Rc8 Rc2 33. Ra8 Bb4 34. Nxb4 axb4 0-1

[Event "ESP-chTA"]
[Site "Oropesa del Mar"]
[Date "1996.??.??"]
[Round "7"]
[White "Brito Garcia, Alfredo"]
[Black "Gil Gonzalez, Jose Manuel"]
[Result "1/2-1/2"]
[WhiteElo "2395"]
[BlackElo "2410"]
[PlyCount "93"]
[EventDate "1996.??.??"]
[EventType "team-swiss"]
[EventRounds "9"]
[EventCountry "ESP"]
[SourceTitle "EXT 1998"]
[Source "ChessBase"]
[SourceDate "1997.11.17"]
[SourceVersion "1"]
[SourceVersionDate "1997.11.17"]
[SourceQuality "1"]

1. Nf3 d5 2. g3 Nf6 3. Bg2 c6 4. 0-0 Bg4 5. c4 Nbd7 6. cxd5 cxd5 7. d3 e6 8. a3 Be7 9. Nbd2 0-0 10. b4 a5 11. Rb1 axb4 12. axb4 Qc7 13. h3 Bh5 14. Qb3 Rfc8 15. Nd4 Bg6 16. Ba3 Qb6 17. N4f3 Bd6 18. Bb2 Qb5 19. Bd4 e5 20. Ba1 Ra4 21. Bc3 Rca8 22. Rfc1 Ra3 23. Qd1 e4 24. dxe4 dxe4 25. Nd4 Qa6 26. Ra1 Rc8 27. Rxa3 Qxa3 28. Nb5 Qa6 29. Nxd6 Qxd6 30. Bxf6 Rxc1 31. Qxc1 gxf6 32. Nxe4 Qxb4 33. Qc8+ Kg7 34. Qxd7 Qb1+ 35. Kh2 Bxe4 36. Qg4+ Bg6 37. h4 b5 38. Bd5 b4 39. Qc4 Qb2 40. Kg2 Qc3 41. Qb5 Qe5 42. Qb7 Qd4 43. Bf3 Qd2 44. Bd5 Qc3 45. Qb5 Qd4 46. Qb7 Qc3 47. Qb5 1/2-1/2

[Event "Catalunya-chT"]
[Site "Catalunya"]
[Date "1996.??.??"]
[Round "?"]
[White "Castellet Giralt, Gabriel"]
[Black "Gil Gonzalez, Jose Manuel"]
[Result "1-0"]
[WhiteElo "2255"]
[BlackElo "2395"]
[PlyCount "79"]
[EventDate "1996.??.??"]
[EventType "team"]
[EventRounds "9"]
[EventCountry "ESP"]
[SourceTitle "EXT 1999"]
[Source "ChessBase"]
[SourceDate "1998.11.16"]
[SourceVersion "1"]
[SourceVersionDate "1998.11.16"]
[SourceQuality "1"]

1. d4 g6 2. c4 Bg7 3. e4 Nc6 4. Be3 d6 5. Nc3 e5 6. dxe5 dxe5 7. Qxd8+ Nxd8 8. Nb5 Ne6 9. Nxa7 Rxa7 10. Bxa7 b6 11. c5 Nxc5 12. Bb8 Kd8 13. Rd1+ Bd7 14. b4 Nxe4 15. Rc1 c6 16. Nf3 Ngf6 17. Bd3 Nxf2 18. Kxf2 e4 19. Bc4 Ng4+ 20. Kg3 exf3 21. gxf3 Nh6 22. Rhe1 Nf5+ 23. Kg2 b5 24. Bd3 Nd4 25. Be5 Bxe5 26. Rxe5 Ne6 27. Kf2 Ke7 28. Re3 Ra8 29. Bb1 Ra7 30. a3 Kf6 31. Be4 Ra6 32. Rec3 Nd8 33. Rd1 Ke7 34. f4 Be6 35. Ke3 Bc4 36. Bd3 Bd5 37. Bxb5 Ra7 38. Be2 Kd6 39. b5 Re7+ 40. Kf2 1-0

[Event "Catalunya-chT"]
[Site "Catalunya"]
[Date "1996.??.??"]
[Round "?"]
[White "Monell Camarasa, David"]
[Black "Gil Gonzalez, Jose Manuel"]
[Result "0-1"]
[WhiteElo "2145"]
[BlackElo "2395"]
[PlyCount "74"]
[EventDate "1996.??.??"]
[EventType "team"]
[EventRounds "9"]
[EventCountry "ESP"]
[SourceTitle "EXT 1999"]
[Source "ChessBase"]
[SourceDate "1998.11.16"]
[SourceVersion "1"]
[SourceVersionDate "1998.11.16"]
[SourceQuality "1"]

1. d4 g6 2. c4 Bg7 3. Nc3 c5 4. d5 f5 5. d6 e6 6. Nb5 Na6 7. g3 Nh6 8. Bg2 0-0 9. Nf3 Nf7 10. h4 Nb4 11. 0-0 Qb6 12. a3 Nc6 13. Rb1 a6 14. Nc7 Rb8 15. b4 Nd4 16. Nxd4 Qxd6 17. Ndxe6 dxe6 18. Qxd6 Nxd6 19. Bf4 Nxc4 20. Rfc1 Nxa3 21. Rb3 cxb4 22. Rxb4 b5 23. Rb3 b4 24. Bd6 a5 25. Nd5 Bd7 26. Ne7+ Kh8 27. Nc6 Rbc8 28. Bxf8 Bxf8 29. Rd3 Be8 30. Rd8 Rxd8 31. Nxd8 b3 32. Nxe6 b2 33. Rf1 Bd6 34. g4 b1Q 35. Rxb1 Nxb1 36. gxf5 gxf5 37. Bh3 Nc3 0-1

[Event "Catalunya-chT"]
[Site "Spain"]
[Date "1995.??.??"]
[Round "?"]
[White "Pisa Ferrer, Jose"]
[Black "Gil Gonzalez, Jose Manuel"]
[Result "0-1"]
[WhiteElo "2355"]
[BlackElo "2385"]
[PlyCount "38"]
[EventDate "1995.??.??"]
[EventType "team"]
[EventRounds "9"]
[EventCountry "ESP"]
[SourceTitle "EXT 1997"]
[Source "ChessBase"]
[SourceDate "1996.11.15"]
[SourceVersion "1"]
[SourceVersionDate "1996.11.15"]
[SourceQuality "1"]

1. e4 Nf6 2. e5 Nd5 3. d4 d6 4. Nf3 Nc6 5. c4 Nb6 6. e6 fxe6 7. Ng5 e5 8. d5 Nd4 9. Bd3 g6 10. Nxh7 Bf5 11. Bxf5 gxf5 12. Qh5+ Kd7 13. Be3 Qe8 14. Nxf8+ Qxf8 15. Qd1 Qg8 16. g3 Nxc4 17. Nc3 Nxe3 18. Qa4+ b5 19. Nxb5 Ndc2+ 0-1

[Event "Cseppko op 03rd"]
[Site "Aggtelek"]
[Date "1994.??.??"]
[Round "9"]
[White "Gil Gonzalez, Jose Manuel"]
[Black "Kiss, Pal"]
[Result "0-1"]
[WhiteElo "2390"]
[BlackElo "2440"]
[PlyCount "60"]
[EventDate "1994.??.??"]
[EventType "swiss"]
[EventRounds "9"]
[EventCountry "HUN"]
[SourceTitle "EXT 1999"]
[Source "ChessBase"]
[SourceDate "1998.11.16"]
[SourceVersion "1"]
[SourceVersionDate "1998.11.16"]
[SourceQuality "1"]

1. e4 c6 2. d4 d5 3. e5 Bf5 4. Nc3 h5 5. Bd3 Bxd3 6. Qxd3 e6 7. Nf3 Ne7 8. Bg5 Qb6 9. Bxe7 Bxe7 10. 0-0 c5 11. dxc5 Qxc5 12. a3 Nc6 13. Rfe1 a6 14. b4 Qb6 15. Ne2 Qc7 16. c4 Nxe5 17. Nxe5 Qxe5 18. Nc3 dxc4 19. Qxc4 Qd6 20. Ne4 Qc6 21. Qe2 Rc8 22. h3 g6 23. Qe3 0-0 24. Qh6 Rfd8 25. Re3 Qd5 26. Rae1 Rc4 27. f4 Qf5 28. g4 hxg4 29. hxg4 Qxg4+ 30. Rg3 Qh4 0-1

[Event "Cseppko op 03rd"]
[Site "Aggtelek"]
[Date "1994.??.??"]
[Round "3"]
[White "Volosin, Vladimir"]
[Black "Gil Gonzalez, Jose Manuel"]
[Result "1/2-1/2"]
[WhiteElo "2295"]
[BlackElo "2390"]
[PlyCount "57"]
[EventDate "1994.??.??"]
[EventType "swiss"]
[EventRounds "9"]
[EventCountry "HUN"]
[SourceTitle "EXT 1999"]
[Source "ChessBase"]
[SourceDate "1998.11.16"]
[SourceVersion "1"]
[SourceVersionDate "1998.11.16"]
[SourceQuality "1"]

1. c4 e5 2. Nc3 Bb4 3. g3 Bxc3 4. bxc3 d6 5. Bg2 c5 6. d3 Ne7 7. f4 Nbc6 8. Nf3 f6 9. 0-0 Be6 10. e4 Qc7 11. f5 Bf7 12. g4 0-0-0 13. Be3 b6 14. Qd2 g5 15. Bf2 h5 16. h3 Na5 17. Ne1 Ng8 18. Nc2 Nh6 19. Ne3 hxg4 20. hxg4 Rh7 21. Qe2 Rdh8 22. Bg3 Qd7 23. Bf3 Qa4 24. Qb2 Kc7 25. Kg2 Ng8 26. Nc2 Ne7 27. Na3 Qc6 28. Rab1 Nc8 29. Nc2 1/2-1/2

[Event "Catalunya-chT"]
[Site "Spain"]
[Date "1993.??.??"]
[Round "?"]
[White "Gil Gonzalez, Jose Manuel"]
[Black "Narciso Dublan, Marc"]
[Result "0-1"]
[WhiteElo "2375"]
[BlackElo "2280"]
[PlyCount "56"]
[EventDate "1993.??.??"]
[EventType "team"]
[EventRounds "9"]
[EventCountry "ESP"]
[SourceTitle "EXT 2019"]
[Source "ChessBase"]
[SourceDate "2018.10.10"]
[SourceVersion "1"]
[SourceVersionDate "2018.10.10"]
[SourceQuality "1"]

1. e4 Nc6 2. Nf3 e6 3. d4 d5 4. Nbd2 Nf6 5. e5 Nd7 6. c3 f6 7. exf6 Qxf6 8. Bb5 Bd6 9. Nf1 e5 10. Ne3 exd4 11. cxd4 Nb6 12. 0-0 0-0 13. b3 Bd7 14. Bd3 Rae8 15. a3 g5 16. Bb2 Qh6 17. Re1 Rxf3 18. Qxf3 Qxh2+ 19. Kf1 g4 20. Qd1 Bf4 21. Qc2 g3 22. Bf5 Qh1+ 23. Ke2 Qh5+ 24. Kf1 Qh1+ 25. Ke2 Qh5+ 26. Kf1 Rxe3 27. Bxh7+ Kh8 28. fxe3 Bg4 0-1

[Event "Benasque op"]
[Site "Benasque"]
[Date "1993.??.??"]
[Round "3"]
[White "Gil Gonzalez, Jose Manuel"]
[Black "Ubilava, Elizbar"]
[Result "1/2-1/2"]
[WhiteElo "2355"]
[BlackElo "2530"]
[PlyCount "153"]
[EventDate "1993.07.??"]
[EventType "swiss"]
[EventRounds "9"]
[EventCountry "ESP"]
[SourceTitle "TD"]
[Source "ChessBase"]
[SourceDate "1994.03.01"]
[SourceVersion "1"]
[SourceVersionDate "1994.03.01"]
[SourceQuality "1"]

1. e4 c5 2. Nf3 d6 3. d4 cxd4 4. Qxd4 Nc6 5. Bb5 Bd7 6. Bxc6 Bxc6 7. c4 Nf6 8. Nc3 g6 9. 0-0 Bg7 10. Re1 0-0 11. Qd2 Rc8 12. Rb1 Nd7 13. b3 b5 14. Nd5 bxc4 15. bxc4 e6 16. Nb4 Nb6 17. Qd3 Ba8 18. Bg5 Qc7 19. Rec1 Nxc4 20. Nd2 Qa5 21. Be7 Ne5 22. Qxd6 Rfe8 23. h3 Rxc1+ 24. Rxc1 Qa3 25. Rc2 h5 26. Qc7 Qa4 27. Bd6 Nd7 28. Qc4 Nb6 29. Qa6 Qxa6 30. Nxa6 Bb7 31. Nc7 Rc8 32. f3 Bd4+ 33. Kh2 Nd7 34. Nb3 Bb6 35. Rc1 Be3 36. Rc3 Bf2 37. Rc2 Bb6 38. Rc1 a5 39. Nb5 Rxc1 40. Nxc1 Ba6 41. Nc3 Bc4 42. a3 e5 43. Kg3 f6 44. f4 Kf7 45. f5 g5 46. Kf3 Nc5 47. Nd5 Ba7 48. Bc7 a4 49. Nb6 Ba6 50. Na2 Nb3 51. Nc3 Nd2+ 52. Kg3 Bd3 53. Kh2 Nxe4 54. Ncxa4 h4 55. Nb2 Ba6 56. N2c4 Bxb6 57. Nxb6 Ng3 58. Nd7 Nxf5 59. Nc5 Bc4 60. a4 Nd4 61. a5 Ne6 62. Nxe6 Kxe6 63. g3 f5 64. Bd8 f4 65. g4 e4 66. Bxg5 Ke5 67. Kg2 e3 68. Kf3 Bd5+ 69. Ke2 Ke4 70. Bxh4 Bc4+ 71. Ke1 Ba6 72. Kd1 f3 73. Ke1 Kf4 74. g5 Kf5 75. Bf2 exf2+ 76. Kxf2 Bb7 77. a6 1/2-1/2